| 000 | 00491nam a2200133Ia 4500 | ||
|---|---|---|---|
| 005 | 20260209120137.0 | ||
| 008 | 260209s9999||||xx |||||||||||||| ||und|| | ||
| 100 | _aSakshat Bansal | ||
| 245 | 0 | _aImpact of Indian patent regime pricing policy on pharmaceutical sector in India | |
| 260 |
_aBangaloreBangalore _bNLSIU _c2016 |
||
| 300 | _a131 p. ; 25 cm. | ||
| 700 | _aProf. (Dr.) T Ramakrishna - GuideProf. (Dr.) T Ramakrishna - Guide | ||
| 856 | _uhttps://dans.nls.ac.in/handle/123456789/1590 | ||
| 999 |
_c217279 _d217279 |
||